[Event "Punta del Este Alekhine op"]
[Site "Punta del Este"]
[Date "2020.03.08"]
[Round "4"]
[White "Delbono Menoni, Ruben"]
[Black "Gandara, Jorge"]
[Result "0-1"]
[WhiteElo "1597"]
[BlackElo "1456"]
[PlyCount "52"]
[EventDate "2020.03.06"]
[EventType "swiss"]
[EventRounds "5"]
[EventCountry "URU"]
[SourceTitle "EXT 2021"]
[Source "ChessBase"]
[SourceDate "2020.10.23"]
[SourceVersion "1"]
[SourceVersionDate "2020.10.23"]
[SourceQuality "1"]

1. c4 Nf6 2. g3 e6 3. Bg2 c6 4. e4 e5 5. Ne2 Bc5 6. a3 a5 7. 0-0 0-0 8. d3 h6 9. Bd2 d5 10. cxd5 cxd5 11. Qc2 Be7 12. Nbc3 dxe4 13. dxe4 Bd7 14. Nd5 Nxd5 15. exd5 Bd6 16. Nc3 f5 17. Rac1 Na6 18. Qd1 Nc5 19. Be3 f4 20. Bxc5 Bxc5 21. Ne4 Bd4 22. Kh1 Bxb2 23. Rb1 Bxa3 24. d6 Bb4 25. Qd5+ Kh8 26. Qxe5 f3 0-1

[Event "URU-chT Provinces"]
[Site "Montevideo"]
[Date "2017.08.26"]
[Round "3.2"]
[White "Arriola, Adrian"]
[Black "Gandara, Jorge"]
[Result "1/2-1/2"]
[WhiteElo "1529"]
[BlackElo "1454"]
[PlyCount "81"]
[EventDate "2017.08.25"]
[EventType "team-swiss"]
[EventRounds "5"]
[EventCountry "URU"]
[SourceTitle "EXT 2019"]
[Source "ChessBase"]
[SourceDate "2018.10.10"]
[SourceVersion "1"]
[SourceVersionDate "2018.10.10"]
[SourceQuality "1"]
[WhiteTeam "Canelones IV"]
[BlackTeam "Maldonado III"]
[WhiteTeamCountry "URU"]
[BlackTeamCountry "URU"]

1. d4 Nf6 2. Nf3 d5 3. Bf4 Nc6 4. e3 Bg4 5. h3 Bh5 6. c4 e6 7. Be2 Bb4+ 8. Nc3 Ne4 9. Qb3 0-0 10. 0-0 Bxf3 11. Bxf3 Nd2 12. Qc2 Nxf1 13. Rxf1 Bxc3 14. Qxc3 h6 15. cxd5 exd5 16. Rc1 Re8 17. Qc5 Qe7 18. Bxd5 Qxc5 19. Rxc5 Re7 20. Bxc6 bxc6 21. Rxc6 Rc8 22. d5 Rd8 23. Rxc7 Rxc7 24. Bxc7 Rxd5 25. Kf1 f6 26. a3 Rc5 27. Bd6 Rc1+ 28. Ke2 Rc2+ 29. Kf3 Rxb2 30. Kg3 Kf7 31. Kf3 Ke6 32. Bb4 Rb3 33. h4 f5 34. Kf4 Rb2 35. Kf3 Rb3 36. Kf4 g6 37. Kf3 Ke5 38. g3 h5 39. Bf8 a6 40. Bb4 Rd3 41. Ke2 1/2-1/2